[Document not titled.].

Bibliographic Details
Corporate Author: United States. Militia Bureau
Format: Government Document eBook
Language:English
Published: Washington : [publisher not identified], 1916.
Series:Militia Affairs Div. Circ. No. 1916/7
Subjects:
Online Access:Connect to the full text of this electronic document

MARC

Tag First Indicator Second Indicator Subfields
LEADER 00000cam a22000001a 4500
001 in00003708024
005 20190408182334.0
006 m o d f
007 cr bn mmmapmmp
008 040322s1916 dcu o f000 0 eng d
035 |a ebd1910309961 
040 |a UMI  |c UMI  |d UtOrBLW 
086 0 |a W 70.4:916/1st series/7 
099 |a W70.4-9.7 
245 0 0 |a [Document not titled.]. 
264 1 |a Washington :  |b [publisher not identified],  |c 1916. 
300 |a 1 online resource (4 pages) 
336 |a text  |b txt  |2 rdacontent 
337 |a computer  |b c  |2 rdamedia 
338 |a online resource  |b cr  |2 rdacarrier 
490 0 |a Militia Affairs Div. Circ. No. 1916/7 
500 |a [Blank forms of Division of Militia Affairs; list]. 
500 |a Record is based on bibliographic data in ProQuest U.S. Executive Branch Documents, 1910-1932. Reuse except for individual research requires license from ProQuest, LLC. 
533 |a Electronic reproduction.  |b [Bethesda, Md.] :  |c ProQuest,  |d 2012.  |e digital, PDF file.  |n ProQuest U.S. Executive Branch Documents, 1910-1932.  |n Mode of access: World Wide Web via ProQuest website. 
538 |a System requirements: PDF reader software. 
500 |a Electronic resource. 
650 0 |a Government publications.  |0 http://id.loc.gov/authorities/subjects/sh85056095 
650 0 |a Military administration.  |0 http://id.loc.gov/authorities/subjects/sh85085129 
655 7 |a Electronic books.  |2 local 
710 1 |a United States.  |b Militia Bureau.  |0 http://id.loc.gov/authorities/names/n86141905 
776 1 8 |i Microfiche version:  |t [Document not titled.]  |o CIS US Exec MF W70.4-9.7  |w (ProQuest)cis191306425 
856 4 0 |u http://proxy.library.tamu.edu/login?url=http://congressional.proquest.com/congressional/docview/t66.d71.w70.4-9.7  |z Connect to the full text of this electronic document  |t 0 
999 f f |s 2960afbe-4d99-33dc-87e5-2a4c46524a84  |i bb488b80-cebe-393a-bd02-9bcc8fac58c8  |t 0 
952 f f |a Texas A&M University  |b College Station  |c Electronic Resources  |d Available Online  |t 0  |h No information provided 
998 f f |t 0  |l Available Online